| 000 | 005700000a22002650004500 | ||
|---|---|---|---|
| 650 | _aJournalism | ||
| 650 | _aPress | ||
| 650 | _aDemocracy | ||
| 650 | _aNewspapers | ||
| 651 | _aNepal | ||
| 650 | _aBudhathoki, Gopal | ||
| 015 | _aNNB | ||
| 082 |
_aN070.4 _bA628t |
||
| 518 | _a20061027 | ||
| 530 | _aM | ||
| 100 | _aAdhikari, Saroj | ||
| 245 | _aTin dashakko yatra | ||
| 020 | _a99946-34-64-1 | ||
| 260 |
_aKathmandu _bNarayan Chaulagain, Nepal |
||
| 260 | _c2061 B.S. | ||
| 300 | _a112p. | ||
| 041 | _aNep | ||
| 365 | _aRs.125.00 | ||
| 942 | _cGEN | ||
| 999 |
_c38129 _d38129 |
||